00498nam a2200169Ia 450000500170000000800410001702000180005808200130007610000170008924500210010626000590012730000130018665000100019994200060020995200980021599900150031320250701031757.0240331s9999 xx 000 0 und d a9789559597322 bFERa808 aFernando,I.S 0aNohanduna gahanu aColombobMinistry of Religious Affairs and Moralc2007 a151 p ., aWoman cL 001040708LaWERCLbWERCLcSSCd2024-03-31l0o 808.08 FERp6220r2024-03-31w2024-03-31yL c5203d5203